00480cam a22001217a 4500008004000000082001600040100001500056245013100071260006300202300001000265440003700275700004600312180718b1971 xxu||||| |||| 00| 0 eng d aB001x54 In2 aNaik, J.P. aThe role, responsibilities, functons, programmes and organization of the ICSSR: a policy statement and a specialcby J.P. Naik aNew DelhibIndian Council of Social Science Researchc1971 a109p. aICSSR Occasional Monograph No. 7 aIndian Council of Social Science Research